Top 25 Plus Beaux Drapeaux (Difficulté Moyenne) - Statistiques

Statistiques générales
  • Ce quiz a été pris 140 fois
  • Le résultat moyen est 7 sur 25
Statistiques - réponses
Place Continent Couleurs Réponse % Correct
1er Amérique Vert 33 %Blanc 27 % Marron 2 % Rouge 33 %

Mexique

85%
3e Amérique Rouge 62%Blanc 38%

Canada

72%
2e Europe Rouge 38 %Blanc 30 % Bleu 32 %

Royaume-Uni

54%
7ème EuropeAsie Rouge 94%Blanc 6%

Turquie

46%
6ème Amérique Vert 69%Jaune 17% Bleu 12% Blanc 2%

Brésil

45%
9ème Europe Rouge 89%Noir 11%

Albanie

43%
5ème Europe Bleu 60%Blanc 40%

Grèce

36%
17e EuropeAsie Blanc 33,3%Bleu 33,3% Rouge 33,3%

Russie

33%
11e Amérique Noir 33%Vert 33%
Jaune 34%

Jamaïque

30%
13e Amérique Rouge 41%Blanc 37% Bleu 22%

Etats-Unis

28%
19e Asie Blanc 81%Rouge 19%

Japon

28%
10e Amérique Bleu 67%Blanc 30% Jaune 3%

Argentine

25%
25e Asie Bleu 89%Jaune 11%

Kazakhstan

25%
24e Afrique Vert 30%Rouge 22% Bleu 22% Blanc 11% Noir 9% Jaune 6%

Afrique du Sud

24%
8ème Asie Blanc 77%Noir 10% Bleu 6,5% Rouge 6,5%

Corée du Sud

21%
4ème Europe Rouge 35%Bleu 25% Blanc 35% Jaune 3%

Serbie

21%
15e Asie Jaune 43%Orange 39% Blanc 8%

Bhoutan

20%
23e Amérique Blanc 55%Bleu 33% Jaune 3%

Uruguay

17%
16e Europe Rouge 50%
Jaune 43%
Blanc 1%

Espagne

16%
14e Europe Rouge 62%Bleu 21% Blanc 17%

Norvège

15%
21e Europe Vert 33%Jaune 4% Rouge 59%

Portugal

13%
18e Asie Jaune 33,3%Vert 33,3% Blanc 31,3% Bleu 2%

Inde

7%
20e Europe Bleu 72%Jaune 25% Blanc 3%

Bosnie

5%
22e Europe Blanc 58%Rouge 42%

Géorgie

3%
12e Europe Vert 33%Blanc 33%
Rouge 31%

Pays de Galles

1%
Aucun quiz correspondant
Distribution des résultats
% des personnes avec chaque résultat
Percentile par nombre de réponses
Votre historique - résultats
Vous n’avez pas pris ce quiz